000 00307 a2200157 4500
001 160311
020 _a
040 _cMagnum
100 _aPinsky, Mirna
240 1 0 _aA arvore de tudo
_lpor
245 1 0 _aA arvore de tudo
362 0 _a1899
440 1 _aMiguilim
697 _aI/GERAL
942 _cBK
999 _c160311
_d160311